00928cam a22002651 450000100060000000300080000600500170001400800410003103500190007203500180009104000450010904100080015408200180016210000500018024500370023026000420026730000310030950400190034060000480035965000540040765000350046194200120049699900170050895201370052521689BD-RjUL20211209000721.0140305s1962 enka 001 0 eng d a(BD-RjUL)21754 a(OCoLC)310037 aDLCcODaWUdOCoLCdUkdDLCdBD-RjULbeng aeng00a883bKIS 19621 aKirk, G. S.q(Geoffrey Stephen),d1921-9557914aThe songs of Homer /cG. S. Kirk aCambridge :bUniversity Press,c1962. a423 p. :billus. ;c23 cm. aIncludes Index00aHomerxCriticism and interpretation.966987 0aEpic poetry, GreekxHistory and criticism.966982 0aOral traditionzGreece.966983 2ddccBK c21689d21689 00102ddc40728NFICaRUCLbRUCLcReadingd1965-10-13eBlack wellg40.00l0o883 KIS 1962r2014-03-05 00:00:00tC-1w2014-03-05yBK